| 000 | 00543nam a2200181 i 4500 | ||
|---|---|---|---|
| 001 | 95041 | ||
| 003 | ES-MaACL | ||
| 005 | 20240229063316.0 | ||
| 007 | t| | ||
| 008 | 050520s1971 sp ||||1| spa d | ||
| 100 | 0 |
_aLuján, Néstor, _d1922-1995 _974707 |
|
| 245 | 1 | 0 |
_aY Mussolini creó el fascismo / _cNéstor Luján y Luis Bettonica. |
| 260 |
_aBarcelona : _bPlaza & Janés, _c1971. |
||
| 300 |
_a186 p. ; _c18 cm. |
||
| 700 | 1 |
_aBettonica, Luis. _928693 |
|
| 852 |
_aES-MaACL _jC-45469 _bR.77886 |
||
| 999 |
_c95041 _d95041 |
||